| 000 | 00737nam a2200241 a 4500 | ||
|---|---|---|---|
| 001 | 1289 | ||
| 003 | BR-CuiBMT | ||
| 005 | 20231204191150.0 | ||
| 008 | 231204s2005 dfba 000 0 por d | ||
| 040 |
_aBR-CuiBMT _cBR-CuiBMT |
||
| 080 |
_22007 _a929 |
||
| 090 |
_a929 _bF676v |
||
| 100 | 1 |
_aFonseca, João Justiniano da, _d1920-2016 |
|
| 245 | 2 |
_aA vida de Luiz Viana Filho / _cJoão Justiniano da Fonseca. |
|
| 260 |
_aBrasília : _bSenado Federal, _c2005. |
||
| 300 |
_a287 p.: _bil. _c23 cm |
||
| 490 |
_aEdições do Senado Federal ; _vv. 58 |
||
| 504 | _aInclui bibliografia. | ||
| 650 |
_aEscritor _xbiografia _zBrasil |
||
| 650 |
_aPolítico _xbiografia _zBrasil |
||
| 830 |
_aEdições do Senado Federal _v58 |
||
| 942 |
_2udc _cLV |
||
| 999 |
_c1289 _d1289 |
||